Normal view MARC view
  • Novella García, Carlos

Entry Nombre Personal

Number of records used in: 1

001 - NUMERO DE CONTROL

  • campo de control: 49677

003 - IDENTIFICADOR DE NUMERO DE CONTROL

  • campo de control: UPN

005 - FECHA Y HORA DE LA ÜLTIMA TRANSACCIÓN

  • campo de control: 20230809105327.0

008 - DATOS DE LONGITUD FIJA

  • campo de control de longitud fija: 230809|| acn||aabn | a|a d

024 7# - OTROS IDENTIFICADORES NORMALIZADOS

  • Fuente: orcid
  • Número normalizado o código: https://orcid.org/0000-0002-3841-6760

040 ## - FUENTE DE CATALOGACIÓN

  • Agencia original de catalogación: MX-MxUPN

100 ## - ENCABEZAMIENTO - NOMBRE PERSONAL

  • Nombre personal: Novella García, Carlos

370 ## - LUGAR ASOCIADO

  • Associated country: España

371 ## - DIRECCIÓN

  • Electronic mail address: carlos.novella@ucv.es

372 ## - CAMPO DE ACTIVIDAD

  • Field of activity: Pedagogía. Filosofía política y moral.
  • Field of activity: Política educativa: perspectiva nacional y supranacional.

373 ## - GRUPO ASOCIADO

  • Associated group: Universidad Católica de Valencia. Facultad de Educación.

374 ## - OCUPACIÓN

  • Occupation: Profesor - investigador universitario

670 ## - FUENTE EN LA QUE SE LOCALIZARON DATOS

  • Cita de la fuente: En recurso en línea: Revista complutense de educación. Vol. 34, no. 3 (2023), p. 617
  • Información localizada: (Carlos Novella García)
  • Uniform Resource Identifier: https://revistas.ucm.es/index.php/RCED/article/view/79859/4564456566194

902 ## - CATALOGADOR

  • Catalogador: Leonor Sotres/090823